000 00637nam a22002297a 4500
005 20170124110009.0
010 _a165662
020 _c00.00
035 _a165662
037 _bCen Lib/Ret
040 _aDPL
_bEN
082 _a370.942
_bARM
100 _aArmitage, John
_917495
245 _aOur children's education /
_cby John Armitaion
260 _aLondan
_bPall Mall Press
_c1960
270 _bLondan
300 _a96,p.
_c18cm(Hb)
500 _aIncludes index.
650 _aEducation -- Great Britain -- History -- 20th century.
_974271
650 _aEducation
_91169
942 _2ddc
_cEN
_h370.942
_mARM
999 _c126426
_d126426